Organizational behavior in schools and school districts /

Bibliographic Details
Other Authors: Bacharach, Samuel B.
Format: Book
Language:English
Published: New York, N.Y. : Praeger, 1981.
Subjects:

MARC

Tag First Indicator Second Indicator Subfields
LEADER 00000pam a2200000 a 4500
001 in00000088839
005 20151008063256.0
008 810327s1981 nyua b 00000 eng
010 |a  81005138  
020 |a 0030576695 :  |c $22.95 
035 |a (OCoLC)07461178 
035 |9 AAK1923AM 
039 0 |a 2  |b 3  |c 3  |d 3  |e 3 
040 |a DLC  |c DLC  |d TXA  |d UtOrBLW 
043 |a n-us--- 
049 |a TXAM  |c [1167131] 
050 0 0 |a LB2817  |b .O723 
082 0 |a 379.1/5/0973  |2 19 
245 0 0 |a Organizational behavior in schools and school districts /  |c edited by Samuel B. Bacharach. 
264 1 |a New York, N.Y. :  |b Praeger,  |c 1981. 
300 |a xiv, 532 pages :  |b illustrations ;  |c 25 cm. 
336 |a text  |b txt  |2 rdacontent 
337 |a unmediated  |b n  |2 rdamedia 
338 |a volume  |b nc  |2 rdacarrier 
504 |a Includes bibliographies. 
650 0 |a School management and organization  |z United States. 
650 0 |a School districts  |z United States  |x Management. 
700 1 |a Bacharach, Samuel B. 
999 |a MARS 
999 f f |s ec09c09f-9572-30eb-b282-062180edfbc5  |i 23ffc209-2f2e-3f1e-a4f8-abc06e7b619e  |t 0 
952 f f |p normal  |a Texas A&M University  |b College Station  |c Sterling C. Evans Library  |d Evans: Library Stacks  |t 0  |e LB2817 .O723  |h Library of Congress classification  |i unmediated -- volume  |m A14806162182 
998 f f |a LB2817 .O723  |t 0  |l Evans: Library Stacks